Culture cinématographique - Série 11 - Statistiques

Statistiques générales
  • Ce quiz a été pris 213 fois
  • Le résultat moyen est 6 sur 10
Statistiques - réponses
Question Réponse % Correct
Dans le film "Manon des sources" réalisé par Claude Berri en 1986, qui est "Manon" ? Emmanuelle Béart
87%
Dans le film "Tootsie" réalisé par Sydney Pollack en 1982, qui est "Michael Dorsey" ? Dustin Hoffman
76%
Dans le film "Un éléphant ça trompe énormément" réalisé par Yves Robert en 1976, qui est "Etienne Dorsay" ? Jean Rochefort
74%
Dans le film "Iznogoud" réalisé par Patrick Braoudé en 2004, qui est "Iznogoud" ? Michael Youn
73%
Dans le film "Un éléphant ça trompe énormément" réalisé par Yves Robert en 1976, qui est "Simon Messina" ? Guy Bedos
63%
Dans le film "Le grand pardon" réalisé par Alexandre Arcady en 1982, qui est "Raymond Bettoun" ? Roger Hanin
57%
Dans le film "Un éléphant ça trompe énormément" réalisé par Yves Robert en 1976, qui est "Daniel" ? Claude Brasseur
56%
Dans le film "Un éléphant ça trompe énormément" réalisé par Yves Robert en 1976, qui est "Bouly" ? Victor Lanoux
45%
Dans le film "Fauteuils d'orchestre" réalisé par Danièle Thompson en 2006, qui est "Jessica" ? Cécile de France
37%
Dans le film "Le prix du danger" réalisé par Yves Boisset en 1983, qui est "François Jacquemard" ? Gérard Lanvin
34%
Aucun quiz correspondant
Distribution des résultats
% des personnes avec chaque résultat
Percentile par nombre de réponses
Votre historique - résultats
Vous n’avez pas pris ce quiz